<?xml version="1.0" encoding="UTF-8"?>
<record
    xmlns:xsi="http://www.w3.org/2001/XMLSchema-instance"
    xsi:schemaLocation="http://www.loc.gov/MARC21/slim http://www.loc.gov/standards/marcxml/schema/MARC21slim.xsd"
    xmlns="http://www.loc.gov/MARC21/slim">

  <leader>02090nam a2200289Ia 4500</leader>
  <controlfield tag="001">D1556</controlfield>
  <controlfield tag="003">IT-RoPAU</controlfield>
  <controlfield tag="008">130308s9999    xx            000 0 und d</controlfield>
  <datafield tag="040" ind1=" " ind2=" ">
    <subfield code="a">IT-RoPAU</subfield>
  </datafield>
  <datafield tag="040" ind1=" " ind2=" ">
    <subfield code="c">IT-RoPAU</subfield>
  </datafield>
  <datafield tag="041" ind1=" " ind2=" ">
    <subfield code="a">ITALIANO</subfield>
  </datafield>
  <datafield tag="100" ind1=" " ind2=" ">
    <subfield code="a">Ortoleva Peppino</subfield>
  </datafield>
  <datafield tag="100" ind1=" " ind2=" ">
    <subfield code="g">Codice Aut. SPICS: 17672</subfield>
  </datafield>
  <datafield tag="245" ind1=" " ind2=" ">
    <subfield code="a">Un ventennio a colori. Televisione privata e societ&#xE0; in Italia (1975-95)</subfield>
  </datafield>
  <datafield tag="245" ind1=" " ind2=" ">
    <subfield code="b">Un ventennio a Colori. Televisione privata e Societa' in Italia (1975-95)</subfield>
  </datafield>
  <datafield tag="250" ind1=" " ind2=" ">
    <subfield code="a">1a ed.</subfield>
  </datafield>
  <datafield tag="260" ind1=" " ind2=" ">
    <subfield code="a">FIRENZE</subfield>
  </datafield>
  <datafield tag="260" ind1=" " ind2=" ">
    <subfield code="b">Giunti Gruppo Editoriale</subfield>
  </datafield>
  <datafield tag="260" ind1=" " ind2=" ">
    <subfield code="c">1995 [1&#xB0; Ed.:1995 - Ed.Ling.Originale:1995]</subfield>
  </datafield>
  <datafield tag="300" ind1=" " ind2=" ">
    <subfield code="a">"128 p. (prefazione: no ; testo: 128)"</subfield>
  </datafield>
  <datafield tag="500" ind1=" " ind2=" ">
    <subfield code="a">Una Repubblica in Cerca di Fantasmagorie: Dichiarazione di Identit&#xE0;, a Colori o Il surrealismo del Consumo. via Italiana Alla Comunicazione: Televisione privata nella Storia D'Italia, Funzione Nazionale dei Grandi Media, Trauma del Cambiamento, una Societ&#xE0; fatta di Media. tv privata e forme del vivere Sociale (1975/1991): Capire la Televisione, Spazio con molti Orizzonti locali e Dimensione Nazionale, ritorno del Locale, Tempo e l'era degli Orari Flessibili, patto Televisivo e caduta delle Mediazioni. Regole, Confini, istituzioni e Valori della tv privata (1975/1991): Crisi del vecchio Ordine, Dissoluzione delle vecchie Regole, nuove istituzioni televisive e Propriet&#xE0; Presenzialista, Deregulation All'Italiana e Partitocrazia Assenteista, riassetto delle professioni della Comunicazione, Sistema dei Media e dei Valori tra vecchio e Nuovo, Pubblico e Privato, Informazione e Divertimento, Cultura e Noncultura. Attrazione Fatale: Sistema Televisivo e Sistema Politico in Italia: Gemelli Siamesi, radici di una Dipendenza Reciproca, Anarchia Emergenza e Lottizzazione, Politica e Televisione nel ventennio a Colori, Televisione partiti e Gente (1992/1994). a Fine Ventennio: Societ&#xE0; Postalfabeta, Retorica e Interessi. Bibliografia.</subfield>
  </datafield>
  <datafield tag="650" ind1=" " ind2=" ">
    <subfield code="a">STORIA NAZIONALE DELLA TELEVISIONE</subfield>
  </datafield>
  <datafield tag="650" ind1=" " ind2=" ">
    <subfield code="e">Codice materia Spics: 6959</subfield>
  </datafield>
  <datafield tag="942" ind1=" " ind2=" ">
    <subfield code="c">BK</subfield>
  </datafield>
  <datafield tag="957" ind1=" " ind2=" ">
    <subfield code="7">1</subfield>
  </datafield>
  <datafield tag="999" ind1=" " ind2=" ">
    <subfield code="c">94054</subfield>
    <subfield code="d">94054</subfield>
  </datafield>
  <datafield tag="999" ind1=" " ind2=" ">
    <subfield code="g">1</subfield>
  </datafield>
  <datafield tag="952" ind1=" " ind2=" ">
    <subfield code="0">0</subfield>
    <subfield code="1">0</subfield>
    <subfield code="4">0</subfield>
    <subfield code="6">D_000000000000000_1556</subfield>
    <subfield code="7">1</subfield>
    <subfield code="a">SPICS</subfield>
    <subfield code="b">SPICS</subfield>
    <subfield code="d">2013-03-08</subfield>
    <subfield code="l">0</subfield>
    <subfield code="o">D1556</subfield>
    <subfield code="r">2013-03-08 00:00:00</subfield>
    <subfield code="w">2013-03-08</subfield>
    <subfield code="y">BK</subfield>
    <subfield code="z">Progressivo inserimento:  44774 /  N. Volumi: 1 Copie: 1  / data import: 1 marzo 2013 - By Epidotti, Trombetti, Vaglietti. </subfield>
  </datafield>
</record>
